书目信息 |
| 题名: |
传媒、现代性与工人阶级主体性探究
|
|
| 作者: | 吴畅畅 著 | |
| 分册: | ||
| 出版信息: | 北京 中国广播电视出版社 2014 |
|
| 页数: | 193页 | |
| 开本: | 23cm | |
| 丛书名: | ||
| 单 册: | ||
| 中图分类: | G216.3 | |
| 科图分类: | ||
| 主题词: | ||
| 电子资源: | ||
| ISBN: | 978-7-5043-6986-4 | |
| 000 | 01085nam0 2200241 450 | |
| 001 | 339364 | |
| 005 | 20150608091307.53 | |
| 010 | @a978-7-5043-6986-4@dCNY32.00 | |
| 100 | @a20140919d2014 em y0chiy50 ea | |
| 101 | 0 | @achi |
| 102 | @aCN@b110000 | |
| 105 | @ay z 000yy | |
| 106 | @ar | |
| 200 | 1 | @a传媒、现代性与工人阶级主体性探究@Achuan mei、xian dai xing yu gong ren jie ji zhu ti xing tan jiu@e以《工人日报》(1949 1992)为例@f吴畅畅著 |
| 210 | @a北京@c中国广播电视出版社@d2014 | |
| 215 | @a193页@d23cm | |
| 330 | @a本书通过对以《工人日报》为代表的工人媒介进行跨度近40年的文本与话语分析, 力求梳理工人媒介再现的工人阶级主体性的历史性过程, 以此探查新中国成立以来官方媒介公共性发展的可能, 以及“复线”写作计划在中国情境运用的适用性问题, 由此纠正西方学术界对新中国工人阶级研究所含藏的冷战思维与预设的奇观视角。 | |
| 517 | 1 | @a以《工人日报》(1949-1992)为例@Ayi《gong ren ri bao》(1949-1992)wei li |
| 610 | 0 | @a《工人日报》@a研究@a1949-1992 |
| 690 | @aG216.3@v5 | |
| 701 | 0 | @a吴畅畅@Awu chang chang@4著 |
| 801 | 0 | @aCN@b卓展宏图@c20150525 |
| 905 | @dG216.3@e624@f4 | |
| 传媒、现代性与工人阶级主体性探究:以《工人日报》(1949 1992)为例/吴畅畅著.-北京:中国广播电视出版社,2014 |
| 193页;23cm |
| ISBN 978-7-5043-6986-4:CNY32.00 |
| 本书通过对以《工人日报》为代表的工人媒介进行跨度近40年的文本与话语分析, 力求梳理工人媒介再现的工人阶级主体性的历史性过程, 以此探查新中国成立以来官方媒介公共性发展的可能, 以及“复线”写作计划在中国情境运用的适用性问题, 由此纠正西方学术界对新中国工人阶级研究所含藏的冷战思维与预设的奇观视角。 |
| ● |
| 相关链接 |
|
|
|
|
正题名:传媒、现代性与工人阶级主体性探究
索取号:G216.3/624
 
预约/预借
| 序号 | 登录号 | 条形码 | 馆藏地/架位号 | 状态 | 备注 |
| 1 | 857917 | 208579171 | 第一样本阅览室/ [索取号:G216.3/624] | 在馆 | |
| 2 | 857918 | 208579180 | 第四借阅区/ [索取号:G216.3/624] | 在馆 | |
| 3 | 857919 | 208579199 | 第四借阅区/ [索取号:G216.3/624] | 在馆 | |
| 4 | 857920 | 208579206 | 第四借阅区/ [索取号:G216.3/624] | 在馆 |